Countries with the Most Foreign Embassies - Statistics

General Stats
  • This quiz has been taken 1,531 times
  • The average score is 19 of 20
Answers on the Map
Answers color-coded by a green-red scale on the quiz's map according to % correct below.
 
Answer Stats
# of Diplomatic Missions Answer % Correct
271 United States
100%
274 China
99%
249 France
99%
217 Germany
99%
194 India
99%
225 United Kingdom
99%
205 Brazil
98%
157 Canada
98%
206 Italy
98%
230 Russia
98%
190 Spain
98%
251 Japan
97%
161 Mexico
97%
252 Turkey
94%
150 Argentina
91%
187 South Korea
91%
135 Poland
90%
149 Netherlands
89%
141 Switzerland
86%
140 Hungary
47%
No matching quizzes found
Score Distribution
Percent of People with Each Score
Percentile by Number Answered
Your Score History
You have not taken this quiz